[Event "Malakhatko Memorial op"]
[Site "Chess.com INT"]
[Date "2023.06.14"]
[Round "4"]
[White "Gnatiuk, Oleksiy"]
[Black "Prohorov, Olexandr"]
[Result "0-1"]
[WhiteElo "1438"]
[BlackElo "2086"]
[PlyCount "46"]
[EventDate "2023.06.14"]
[EventType "swiss (blitz)"]
[EventRounds "11"]
[EventCountry "USA"]
[SourceTitle "CBM 214 Extra"]
[Source "ChessBase"]
[SourceDate "2023.07.31"]
[SourceVersion "1"]
[SourceVersionDate "2023.07.31"]
[SourceQuality "1"]

1. e4 c5 2. c3 e5 3. Nf3 Nc6 4. d4 cxd4 5. cxd4 exd4 6. Nxd4 Nf6 7. Nxc6 bxc6 8. Nc3 Bb4 9. Bd3 0-0 10. 0-0 d6 11. Bd2 Bg4 12. f3 Be6 13. a3 Qb6+ 14. Kh1 Bxc3 15. Bxc3 Nd7 16. Qe2 Nc5 17. Bd4 Qb3 18. Bxc5 dxc5 19. Qc2 Qb6 20. Rac1 Rfd8 21. Rfd1 Bb3 22. Qf2 Bxd1 23. Rxd1 Qb3 0-1